| LEADER | 01053pam a2200253 a 4500 | ||
|---|---|---|---|
| 001 | 4224162 | ||
| 003 | GR-PaULI | ||
| 005 | 20211210115149.0 | ||
| 008 | 820817s2021 gr 000 p gre | ||
| 952 | |0 0 |1 0 |2 ddc |4 0 |6 889_140000000000000_ΟΡΦ |7 0 |9 353322 |a LISP |b LISP |c BSC |d 2021-12-10 |i 254131 |l 0 |o 889.14 ΟΡΦ |p 025000289726 |r 2021-12-10 00:00:00 |t 1 |w 2021-12-10 |y BK15 | ||
| 952 | |0 0 |1 0 |2 ddc |4 0 |6 889_140000000000000_ΟΡΦ |7 0 |9 358043 |a LISK |b LISK |c BSC |d 2022-03-18 |i 70189 |l 0 |o 889.14 ΟΡΦ |p 992410070189 |r 2022-03-18 00:00:00 |t 2 |w 2022-03-18 |y BK15 | ||
| 999 | |c 207223 |d 207223 | ||
| 020 | |a 9786188408180 | ||
| 040 | |a GR-PaULI |c GR-PaULI |d |b gre |e AACR2 | ||
| 082 | 0 | 4 | |a 889.14 |2 23 |
| 100 | 1 | |9 188888 |a Ορφανός, Αλέξιος, |d 1989- |e συγγραφέας. | |
| 245 | 1 | 0 | |a Ποιήματα σε μορφή χαϊκού / |b |c Αλέξιος Ορφανός. |
| 260 | |a Ρέθυμνο : |b Στίξις, |c 2021. | ||
| 300 | |a 45 σ. ; |b |c 21 εκ. | ||
| 500 | |a | ||
| 504 | |a | ||
| 655 | 4 | |a Ποίηση | |
| 942 | |2 ddc |c BK15 | ||
| 998 | |c ΜΠΟΥΡΑΣ |d 2021-12 | ||